000 00979nam a22002417a 4500
003 OSt
005 20211211113251.0
008 120829t xxu||||| |||| 00| 0 eng d
020 _a0844255254
040 _cLC
050 _aP90.P29
100 _aPayne, James.
245 _aGetting started in public speaking. /
_cJames Payne and Diana Prentice
260 _aLincolnwood, IL:
_bNational Textbook Company,
_c1990.
300 _aiv, 122 p. :
_bill. ;
500 _aIncludes glossary and index.
505 _aContents: The importance of public speaking -- Audience & occasion -- Speech purposes -- Topic selection -- Audience response -- Formats of delivery -- The voice -- Nonverbal delivery -- Style -- Research -- Organizing a speech -- Introductions & conclusions -- The Informative speech -- The Persuasive speech --
650 _aCommunication
650 _a Public speaking
650 _aOral communication.
700 _qPrentice, Diana
942 _2lcc
_cBK
999 _c8262
_d15762